| 000 -LEADER |
| fixed length control field |
00739cam a2200169 4500 |
| 020 ## - INTERNATIONAL STANDARD BOOK NUMBER |
| ISBN |
0522838375 |
| 040 ## - CATALOGING SOURCE |
| Transcribing agency |
DLC |
| 082 00 - DEWEY DECIMAL CLASSIFICATION NUMBER |
| Classification number |
595 MEL 1970 A063 Or. |
| 245 04 - TITLE STATEMENT |
| Title |
The Insects of Australia; |
| Remainder of title |
a textbook for students and research workers. |
| 260 ## - PUBLICATION, DISTRIBUTION, ETC. (IMPRINT) |
| Place of publication |
[Melbourne] |
| Name of publisher |
Melbourne University Press |
| Year of publication |
[1970] |
| 300 ## - PHYSICAL DESCRIPTION |
| Number of Pages |
xiii, 1029 p. |
| Other physical details |
illus. (part col.) |
| Dimensions |
25 cm. |
| 500 ## - GENERAL NOTE |
| General note |
Stamped on t.p.: Distributed in the Western Hemisphere by International Scholarly Book Services, Zion, Ill. |
| 500 ## - GENERAL NOTE |
| General note |
"Sponsored by the Division of Entomology, Commonwealth Scientific and Industrial Research Organization, Canberra." |
| 650 #0 - SUBJECT ADDED ENTRY--TOPICAL TERM |
| Topical Term |
Insects |
| 710 2# - ADDED ENTRY--CORPORATE NAME |
| Corporate name or jurisdiction name as entry element |
Commonwealth Scientific and Industrial Research Organization (Australia). |
| 942 ## - ADDED ENTRY ELEMENTS (KOHA) |
| Koha item type |
សៀវភៅភាសាអង់គ្លេស |
| 952 ## - LOCATION AND ITEM INFORMATION (KOHA) |
| Withdrawn status [LOCAL, KOHA] |
0 |